000 01585nam a2200421 i 4500
001 57377
003 CO-BoRNBP
005 20250624164212.0
007 ta
008 160801s2008 ck a br 000 jdspa d
020 _a9789580410140
040 _aCO-BoRNBP
_bspa
_erda
_cCO-BoRNBP
041 0 _aspa
_hger
043 _ae-au---
084 _aC NOS1
100 1 _aNöstlinger, Christine,
_d1936-2018
_eautora
_960498
245 1 0 _aMás historias de Franz
_cChristine Nöstingler ; traducción Federico Schopf ; ilustraciones Erhard Dietl
250 _aPrimera edición
264 1 _aBogotá, Colombia
_bGrupo Editorial Norma
_c2008
300 _a61 páginas
_bilustraciones en blanco y negro
_b19 cm
336 _atexto
_btxt
_2rdacontent
337 _asin mediación
_bn
_2rdamedia
338 _avolumen
_bnc
_2rdacarrier
490 0 _aTorre de papel
_aRoja
500 _aIncluye datos biográficos de la autora
505 1 _tDe cómo Franz aprendió a leer --
_tDe cómo Franz se fue a vivir con su abuela.
521 1 _aRecomendado para un público infantil mayor de 6 años.
534 _tNeus Vom Franz
586 _aPremio Hans Christian Andersen, 1984.
650 0 4 _aAutores austriacos
_2LEMB
_960499
650 0 7 _aAmistad en la literatura
_2LEMB
_970
650 0 7 _aNiños en la literatura
_2LEMB
_9873
650 0 0 _aCuentos infantiles austríacos
_ySiglo XX
_2LEMB
_960500
650 0 0 _aLiteratura infantil austriaca
_ySiglo XX
_2LEMB
_9312
700 1 _aSchopf, Federico
_etraductor
_960501
700 1 _aDietl, Erhard
_d1953-
_eilustrador
_960502
942 _2loc
_cBKLITI
999 _c57377
_d57377